Úskalí integrovaných systémů řízení podniku

Trh ponúka množstvo integrovaných systémov na podporu plánovania, riadenia a rozhodovania v podniku. Problém - nájsť a vybrať najvhodnejší. Používateľ IS musí: 1. vybrať IS, 2. implementovať IS, 3. prevádzkovať IS.

Salvato in:
Dettagli Bibliografici
Autore principale: Mareš, J.
Natura: Capitolo di libro
Lingua:ceco
Soggetti:
Tags: Aggiungi Tag
Nessun Tag, puoi essere il primo ad aggiungerne!!

MARC

LEADER 00000naa a2200000 4500
001 r016925
005 20221208131055.8
041 0 |a cze 
044 |a CZ 
245 1 0 |a Úskalí integrovaných systémů řízení podniku  |c J. Mareš 
520 |a Trh ponúka množstvo integrovaných systémov na podporu plánovania, riadenia a rozhodovania v podniku. Problém - nájsť a vybrať najvhodnejší. Používateľ IS musí: 1. vybrať IS, 2. implementovať IS, 3. prevádzkovať IS. 
610 2 0 |a riadenie podnikové 
610 2 0 |a systémy riadenia 
610 2 0 |a systémy informačné 
100 1 |a Mareš, J.